| Tag |
First Indicator |
Second Indicator |
Subfields |
| LEADER |
00000nam a22000007i 4500 |
| 001 |
in00004766621 |
| 006 |
m |o d | |
| 007 |
cr |n||||||||| |
| 008 |
231205s2023 be a ob 000 0 eng d |
| 005 |
20240129134419.7 |
| 020 |
|
|
|a 9789042949591 (electronic bk.)
|
| 020 |
|
|
|a 9042949597 (electronic bk.)
|
| 020 |
|
|
|z 9789042949584
|
| 020 |
|
|
|z 9042949589
|
| 035 |
|
|
|a (NhCcYBP)jstor22573/CATS4806903
|
| 040 |
|
|
|a NhCcYBP
|c NhCcYBP
|
| 050 |
|
4 |
|a HV6569.C65
|b Y34 2023
|
| 082 |
0 |
4 |
|a 362.883096751
|q OCoLC
|2 23/eng/20230714
|
| 100 |
1 |
|
|a Yagi, Ines,
|e author.
|
| 245 |
1 |
0 |
|a Conflict-related sexual violence against men in the Democratic Republic of Congo :
|b lifting the veil of secrecy around a controversial and taboo subject /
|c by Ines Yagi.
|
| 246 |
1 |
8 |
|a Conflict-related sexual violence against men in the DRC
|
| 264 |
|
1 |
|a Leuven, [Belgium] :
|b Peeters,
|c 2023.
|
| 300 |
|
|
|a 1 online resource.
|
| 336 |
|
|
|a text
|b txt
|2 rdacontent
|
| 337 |
|
|
|a computer
|b c
|2 rdamedia
|
| 338 |
|
|
|a online resource
|b cr
|2 rdacarrier
|
| 490 |
1 |
|
|a Conflict, ethics, and spirituality ;
|v 14
|
| 500 |
|
|
|a Description based on print version record.
|
| 504 |
|
|
|a Includes bibliographical references (pages 103-108).
|
| 588 |
|
|
|a Description based on print version record.
|
| 650 |
|
0 |
|a Male rape victims
|z Congo (Democratic Republic)
|
| 650 |
|
0 |
|a Rape as a weapon of war
|z Congo (Democratic Republic)
|
| 650 |
|
0 |
|a Men
|x Violence against
|z Congo (Democratic Republic)
|
| 650 |
|
0 |
|a Masculinity
|z Congo (Democratic Republic)
|
| 650 |
|
0 |
|a Husband abuse
|z Congo (Democratic Republic)
|
| 655 |
|
7 |
|a Electronic books.
|2 local
|
| 776 |
1 |
8 |
|c Original
|z 9789042949584
|z 9042949589
|
| 830 |
|
0 |
|a Conflict, ethics, and spirituality ;
|v 14.
|
| 856 |
4 |
0 |
|u http://proxy.library.tamu.edu/login?url=https://www.jstor.org/stable/10.2307/jj.4820316
|z Connect to the full text of this electronic book
|t 0
|
| 955 |
|
|
|a JSTOR DDA record
|
| 999 |
f |
f |
|s cc095fe4-1d40-4846-983c-32343b0cb39b
|i e138f93f-3b8a-4a2a-92dc-176086c16d66
|t 0
|
| 952 |
f |
f |
|a Texas A&M University
|b College Station
|c Electronic Resources
|d Available Online
|t 0
|e HV6569.C65 Y34 2023
|h Library of Congress classification
|
| 998 |
f |
f |
|a HV6569.C65 Y34 2023
|t 0
|l Available Online
|